000 00951nam a22002057a 4500
999 _c632
_d632
005 20251125232732.0
008 s2527 th tha d
040 _aNALT
041 _atha
050 _aDS554.8 ส4ค
245 1 0 _aความพยายามของนานาประเทศในการแก้ไขวิกฤตการณ์กัมพูชา
260 3 _aกรุงเทพฯ :
_bจุฬาลงกรณ์มหาวิทยาลัย,
_c2527
300 _a282 หน้า
650 0 4 _aสหประชาชาติ -- การระงับข้อพิพาท
650 0 4 _aกัมพูชา -- การเมืองและการปกครอง
650 0 4 _aกัมพูชา -- ความสัมพันธ์กับต่างประเทศ
850 _aNALT
856 4 0 _uhttps://hdl.handle.net/20.500.14156/361284
_71
942 _cGB
_2lcc